| 000 | 01062cam a22002895i 4500 | ||
|---|---|---|---|
| 999 |
_c27203 _d27174 |
||
| 003 | EG-ScBUE | ||
| 005 | 20210203123626.0 | ||
| 008 | 190303s2018 ua g 000 f ara d | ||
| 017 | _a2012 / 10918 | ||
| 020 | _a9789770931332 | ||
| 040 |
_aEG-ScBUE _bara _erda _cEG-ScBUE _dEG-ScBUE |
||
| 082 | 0 | 4 |
_a892.737 _bم ر ا _222 |
| 100 | 1 |
_aمراد، أحمد، _d1978- _eمؤلف. |
|
| 245 | 1 | 0 |
_aتراب الماس / _cأحمد مراد. |
| 246 | 3 | 4 |
_aتراب الماس : _bحين يصبح القتل أثرا جانبيا |
| 250 | _aالطبعة الثالثة والعشرون. | ||
| 264 | 1 |
_aالقاهرة : _bدار الشروق، _c2018. |
|
| 300 |
_a446 صفحة ؛ _c20 سم |
||
| 336 |
_aنص _btxt _2rdacontent |
||
| 337 |
_aبدون وسيط _bn _2rdamedia |
||
| 338 |
_aمجلد _bnc _2rdacarrier |
||
| 500 | _a"تم تحويل رواية تراب الماس إلى فيلم سينمائي"-- غلاف الكتاب. | ||
| 650 | 7 |
_aالقصص العربية _yقرن 21. _2BUEsh |
|
| 651 | _2BUEsh | ||
| 653 |
_bARALIT _cMarch2019 |
||
| 942 | _2ddc | ||